| 000 | 00654nam a2200229 a 4500 | ||
|---|---|---|---|
| 008 | |||
| 020 | _a818581404x (pbk.) | ||
| 049 | _aMAIN | ||
| 090 | _aTK145 | ||
| 100 | 1 | _aTiwari, S. N. | |
| 245 | 1 | 0 |
_aA first course in electrical engineering / _cS.N. Tiwari, A. S. Bin Saroor. |
| 260 |
_aNew Delhi : _bWheeler, _cc1992. |
||
| 300 |
_axiv. 385 p. : _bill. ; _c24 cm. |
||
| 500 | _aIncludes index. | ||
| 650 | 0 |
_aEngineering _xelectrical. |
|
| 700 | 1 | _aBin Saroor, A. S. | |
| 907 |
_a.b10100106 _b29-11-07 _c03-12-03 |
||
| 003 | |||
| 005 | 20230123133530.0 | ||
| 040 | _cNUST | ||
| 942 |
_cBOOKS _kTK145 |
||
| 999 |
_c150211 _d150211 |
||